| 000 | 00579nam a2200241Ia 4500 | ||
|---|---|---|---|
| 008 | 181129s9999 xx 000 0 und d | ||
| 020 | _a9780545097871 | ||
| 050 | _bS658 2008 | ||
| 100 | _aSmith, Roland | ||
| 245 | 0 | _aElephant run / | |
| 245 | 0 | _cby Roland Smith. | |
| 260 | _aNew York, NY : | ||
| 260 | _bScholastic, | ||
| 260 | _c2008 | ||
| 300 | _a318 pages : | ||
| 300 | _billustrations ; | ||
| 300 | _c19cm. | ||
| 650 | _aAsiatic elephant. | ||
| 650 | _aPrisoners of war. | ||
| 650 | _aPrisoners. | ||
| 650 | _aWorld War (1939-1945). | ||
| 700 | _aTitle. | ||
| 999 |
_c360309 _d360309 |
||